| 000 | 01073cam a2200313 a 4500 | ||
|---|---|---|---|
| 999 |
_c26995 _d26995 |
||
| 001 | 4879293 | ||
| 003 | OSt | ||
| 005 | 20170207102058.0 | ||
| 008 | 920812s1990 nyua 000 0 eng | ||
| 010 | _a 92198892 | ||
| 020 | _a0517031736 | ||
| 040 |
_aDLC _cDLC |
||
| 043 | _an-us--- | ||
| 050 | 0 | 0 | _aND237.R68G37 1990 |
| 082 | 0 | 0 |
_a759.13 _220 |
| 100 | 1 |
_aGarrison, Milton _d1990- |
|
| 245 | 1 | 0 |
_aNorman Rockwell's American holidays / _cwritten by Milton Garrison. |
| 260 |
_aNew York : _bCrescent Books, _c1990. |
||
| 300 |
_a123 p. : _bill. (some col.) ; _c29 cm. |
||
| 600 | 1 | 0 |
_aRockwell, Norman, _d1894-1978 _xThemes, motives. |
| 600 | 1 | 0 |
_aRockwell, Norman, _d1894-1978. |
| 650 | 0 | _aHolidays in art. | |
| 650 | 0 |
_aHolidays _zUnited States. |
|
| 740 | 0 | _aAmerican holidays. | |
| 906 |
_a7 _bcbc _corignew _d2 _encip _f19 _gy-gencatlg |
||
| 942 |
_2lcc _cBOOKS _hND237.R68G37 1990 _k34518 |
||